[Event "Olympiad-34"]
[Site "Istanbul"]
[Date "2000.11.12"]
[Round "14.2"]
[White "Morovic Fernandez, Ivan"]
[Black "Wohl, Aleksandar H"]
[Result "1-0"]
[WhiteElo "2608"]
[BlackElo "2461"]
[Annotator "Finkel,A"]
[PlyCount "81"]
[EventDate "2000.10.28"]
[EventType "team-swiss"]
[EventRounds "14"]
[EventCountry "TUR"]
[SourceTitle "EXT 2001"]
[Source "ChessBase"]
[SourceDate "2000.11.22"]
[SourceVersion "1"]
[SourceVersionDate "2000.11.22"]
[SourceQuality "1"]
[WhiteTeam "Croatia"]
[BlackTeam "Australia"]
[WhiteTeamCountry "CRO"]
[BlackTeamCountry "AUS"]

1. e4 Nf6 2. e5 Nd5 3. d4 d6 4. Nf3 g6 5. Bc4 c6 6. O-O Bg7 7. h3 O-O 8. exd6
Qxd6 9. Re1 Nd7 (9... a5 10. a4 Na6 11. Nbd2 Qd8 12. Ne4 Re8 13. c3 Nac7 14.
Bg5 Rb8 15. Bb3 Nb6 16. Bf4 $14 {Agnos,D-Dive,R/London4 1994}) 10. Bb3 (10. Bf1
b5 11. a4 b4 12. c4 bxc3 13. bxc3 Re8 14. Ba3 Qb8 15. c4 Nb4 16. Nc3 a5 17. Rb1
Qc7 {1/2-1/2 Breyther,R-Konopka,M/BL2-N9697 1997}) 10... b5 $6 {On my opinion
this move trying to secure the position of the knight on d5 looks premature
and white manages with his next move to reveal all drawbacks of blacks set-up.}
(10... N5f6 11. Qe2 e6 12. Nc3 b6 13. Ne4 Nxe4 14. Qxe4 Bb7 15. Bf4 Qe7 16. Bg5
Bf6 17. h4 Rac8 18. Rad1 $14 {Komissarov,I-Labunskiy,D/RUS-chT 1993}) 11. a4 $1
(11. Nbd2 e6 (11... Ba6 12. Ne4 Qc7 13. c3 Bb7 14. Bg5 Rfe8 15. Qd2 a5 16. a3
Rad8 17. Rac1 Qb6 18. Ng3 $14 {Donatti,A-Soppe,G/Montevideo 1994}) 12. Ne4 Qc7
13. c3 Bb7 14. Bxd5 cxd5 15. Ng3 Rfe8 $13 {Veroci,Z-Hornung,K/Sydney op 1992})
11... Bb7 $6 {Black's position wasn't that bad that he had to give up a pawn!}
(11... N7f6 12. axb5 cxb5 13. Nc3 $5 Nxc3 14. bxc3 Re8 15. Ba3 Qc7 16. Ne5 e6
17. Qd3 $14) (11... b4 $6 12. Bg5 e6 13. Nbd2 $14 {[%cal Gd2c4,Gd2e4]}) 12.
Bxd5 Qxd5 13. Nc3 Qd6 14. axb5 cxb5 15. Nxb5 $16 Qb6 (15... Qb4 16. Nc3 e6 (
16... Bxf3 17. Qxf3 Bxd4 18. Ra4 Qc5 19. Ne4 Qb6 20. Qd1 $1 $16) 17. Ne4 $16 {
[%cal Gc2c3]}) 16. Nc3 e6 17. Ne5 (17. Ne4 $5) 17... Nxe5 18. dxe5 Qc6 19. Qg4
$1 Rfd8 20. Ra4 $1 {[%cal Gc1g5]} h5 21. Qg3 Rd7 22. Bg5 a6 23. b3 $1 {With
couple of accurate moves white has managed to supress black offensive attempts.
} Qb6 24. Rc4 Bd5 (24... Bc6 25. Ra1 Rb8 26. Ne4 Bxe4 27. Rxe4 Rc8 $16) 25.
Nxd5 exd5 $6 {Making white's task easier} (25... Rxd5) 26. Ra4 Re8 27. Qd3 Bxe5
(27... Re6 28. Bf4 Qb5 29. Qxb5 axb5 30. Ra8+ Kh7 31. Rb8 Rc6 32. Re2 Rc5 $16)
28. Rxa6 Qb8 29. Rf1 $5 {[%cal Gf2f5] Planning to push an f-pawn farward.} (29.
Rd1) 29... Bg7 30. Bf6 Bxf6 31. Rxf6 Qe5 (31... Rc8 32. Re1 Qb4 33. Re2 Qc3 34.
Qxc3 Rxc3 35. Ra6 Rdc7 36. Ra2 $16) 32. Rc6 Ra8 33. f4 $1 {[%cal Gf4f5] Now
black has to exchange queens.} Qe4 34. Qxe4 dxe4 35. Re1 $18 Re8 36. Kf2 Rd2+
37. Re2 Rd1 38. Rc5 e3+ $2 (38... f5 39. g4 (39. Rc7 $5) 39... hxg4 40. hxg4
fxg4 41. Re5 Rxe5 42. fxe5 Kf7 43. Rxe4 Ke6 44. Re2 $18) 39. Rxe3 Rd2+ 40. Ke1
Red8 41. Re8+ 1-0

[Event "Julian Borowski-A 4th"]
[Site "Essen"]
[Date "2002.05.24"]
[Round "8"]
[White "Lutz, Christopher"]
[Black "Luther, Thomas"]
[Result "1/2-1/2"]
[WhiteElo "2644"]
[BlackElo "2566"]
[Annotator "Finkel,A"]
[PlyCount "97"]
[EventDate "2002.05.16"]
[EventType "tourn"]
[EventRounds "9"]
[EventCountry "GER"]
[EventCategory "16"]
[SourceTitle "CBM 090"]
[Source "ChessBase"]
[SourceDate "2002.09.20"]
[SourceVersion "1"]
[SourceVersionDate "2002.09.20"]
[SourceQuality "1"]

1. e4 Nf6 2. e5 Nd5 3. d4 d6 4. Nf3 dxe5 5. Nxe5 c6 {Very solid variation
promising black good chances to equaize.} 6. Bc4 Nd7 (6... Be6 7. Nd2 Nd7 8.
Ndf3 Nxe5 9. Nxe5 g6 10. Bb3 Bg7 11. O-O O-O 12. Re1 $14 {Dominguez,L-Loeffler,
S/Lisbon 1999}) 7. Nf3 (7. Nxd7 Bxd7 8. O-O Bf5 9. Bg5 Qd6 10. Bb3 e6 11. Nd2
Be7 12. Nc4 Qc7 13. Bxe7 Nxe7 14. Qe2 $14 {Werner,M-Burkart,P/Germany 1993/
GER-chT}) 7... e6 (7... N7b6 8. Bb3 Bg4 9. Nbd2 e6 10. O-O Be7 11. h3 Bh5 12.
c3 O-O 13. Ne4 Bg6 14. Qe2 Nd7 $13 {Van der Weide,K-Miles,A/Saint Vincent 2000}
) (7... N7f6 8. h3 Bf5 9. O-O h6 10. Bd3 Bxd3 11. Qxd3 e6 12. c4 Nb6 13. Bf4
Be7 14. Nc3 O-O 15. Rad1 $14 {Godena,M-Burkart,P/Eupen 1994}) 8. O-O b5 9. Bd3
Bb7 {Black's plan is to transfer c5 and it seems that white can't do anything
to prevent it.} 10. Re1 (10. a4 b4 11. c4 bxc3 12. bxc3 c5 $11) 10... Be7 11.
Nbd2 O-O 12. Ne4 a6 13. Bg5 (13. c3 c5 14. Qe2 cxd4 15. Nxd4 Qc7 $11) 13...
Bxg5 14. Nfxg5 h6 15. Nf3 c5 (15... Qc7 16. c4 Nf4 17. c5 $1 $14) 16. c4 {
Admitting that black solved opening problems, however also after} (16. dxc5 $5
Qe7 $1 (16... Qc7 $2 17. c4 bxc4 18. Bxc4 Nxc5 19. Rc1 $1 $16 {[%cal Gc1c7]})
17. a4 b4 18. Qe2 Nxc5 19. Nxc5 Qxc5 20. Qe4 Nf6 $1 $11 {black is doing ok.}
21. Qxb7 $140 $2 Ra7 {[%csl Rb7]} 22. Re5 Nd5 $17) 16... bxc4 17. Bxc4 Qe7 $11
18. Rc1 cxd4 19. Qxd4 (19. Nxd4 Rfd8 $11) 19... Rfd8 20. Bf1 a5 21. Ne5 Nxe5
22. Qxe5 Ba6 $1 23. Bxa6 Rxa6 24. Red1 Raa8 (24... Ra7) 25. g3 Qb4 26. Qd4 Rab8
(26... Qxd4 27. Rxd4 Rdc8 28. Rdc4 Rxc4 29. Rxc4 Kf8 $11) 27. b3 $6 {After
this careless move white has to play accurately to keep the balance.} Qa3 $5
28. Qd2 Nb4 (28... Rdc8 $5 $15) 29. Qxd8+ Rxd8 30. Rxd8+ Kh7 31. Rc7 Qxa2 (
31... Nxa2 $6 32. Nc5 Nc1 33. Rdd7 $1 (33. Rb8 Qa1 34. Kg2 Qe5 35. Rbb7 Qd5+
$40) 33... Nxb3 34. Nxb3 Qxb3 35. Rxf7 Qb2 36. Rf4 $13) 32. Nc5 Qb1+ 33. Kg2
Nc2 (33... Qc2 $1 34. Rcc8 Nd5 $15) 34. Nd3 $1 Qd1 (34... Qxb3 35. Rxf7 Qc3 $1
36. Rdd7 a4 37. Rc7 $1 Qxd3 38. Rxg7+ Kh8 39. Rgd7 Ne1+ 40. Kg1 Nf3+ 41. Kg2
$11) 35. Rcc8 g6 $6 {Black could pose more problems with} (35... g5 $5 36. Rc7
(36. h3) 36... Ne1+ 37. Nxe1 Qxd8 38. Rxf7+ Kg6 39. Rf3 Qd5 40. Kg1 h5 $15 {
with winning chances.}) 36. Rc7 $1 Ne1+ (36... Kg7 37. Rxf7+ $1 Kxf7 38. Ne5+
$18 {[%csl Rd1]}) 37. Nxe1 Qxd8 38. Rxf7+ Kg8 39. Rf3 Qd5 40. Kg1 h5 $6 (40...
g5 $15) 41. h4 $11 {Now white is out of danger.} g5 42. hxg5 Qxg5 43. Re3 Qd5
44. Nf3 Kg7 45. Kg2 Kf6 46. Kh2 Qf5 47. Kg2 Qd5 48. Kh2 Qf5 49. Kg2 1/2-1/2

[Event "Olympiad-34"]
[Site "Istanbul"]
[Date "2000.11.01"]
[Round "5.3"]
[White "Hansen, Sune Berg"]
[Black "Soppe, Guillermo"]
[Result "1-0"]
[WhiteElo "2545"]
[BlackElo "2471"]
[Annotator "Finkel,A"]
[PlyCount "143"]
[EventDate "2000.10.28"]
[EventType "team-swiss"]
[EventRounds "14"]
[EventCountry "TUR"]
[SourceTitle "EXT 2001"]
[Source "ChessBase"]
[SourceDate "2000.11.22"]
[SourceVersion "1"]
[SourceVersionDate "2000.11.22"]
[SourceQuality "1"]
[WhiteTeam "Denmark"]
[BlackTeam "Argentina"]
[WhiteTeamCountry "DEN"]
[BlackTeamCountry "ARG"]

1. e4 Nf6 2. e5 Nd5 3. d4 d6 4. Nf3 dxe5 5. Nxe5 g6 6. Bc4 c6 7. O-O Bg7 8. Re1
O-O 9. Bb3 Be6 10. h3 Nd7 11. Nf3 Nc7 (11... N7f6 12. Ng5 Bf5 13. c4 Nc7 14.
Nc3 h6 15. Nf3 Re8 16. Bf4 g5 17. Be5 $14 {Jovanovic,S-Nikolic,M/ch-YUG (women)
qualifier 2000}) 12. c4 $1 {The only way to fight for opening advantage is to
keep the light-squared bishops on the board.} (12. Nc3 Bxb3 13. axb3 Ne6 14.
Ne4 Nb6 15. c3 Nd5 $11 {Del Rio Angelis,S-Soppe,G/Guillermo Garcia Premier II
2000}) (12. c3 Bd5 13. Bg5 Ne6 14. Be3 b5 $6 15. Bxd5 cxd5 16. Qb3 Nc7 17. Bf4
$16 {Polgar,S-Kengis,E/Vienna op 1991}) 12... Nb6 (12... b5 $2 13. d5 $1 cxd5
14. cxd5 Bf5 15. Nd4 Bxd4 16. Qxd4 $16 {Markovic,I-Pajkovic,V/JUG-chT 1997}) (
12... c5 13. d5 Bf5 14. Nc3 Nf6 15. Bf4 Re8 16. Ne5 Nd7 17. Nxd7 Bxd7 18. Bg5
$14 {Sutovsky,E-Summerscale,A/7th Monarch Assurance 1998}) 13. Qe2 a5 14. a4
Ne8 15. Rd1 (15. Be3 Nd6 $5 16. d5 cxd5 17. c5 d4 18. Bxe6 dxe3 19. Bb3 Nf5 20.
cxb6 Qxb6 $44 {Berthelot,Y-Karr,J/1st Master 1999}) 15... Nc8 16. Ba2 Ned6 ({
May be slightly better was} 16... Ncd6 $5 17. Nc3 Nf5 18. Ne4 b6 19. Neg5 Nc7
20. Bf4 Bc8 21. Ne5 $14 {,but in any case black doesn't manage to solve all
his problems.}) 17. Nc3 Nf5 18. Ne4 b6 (18... Nxd4 $2 19. Nxd4 Bxd4 20. Be3 $18
{[%cal Gd2d8]}) 19. Neg5 Bd7 20. g4 $1 Nh6 (20... Nfd6 21. c5 Nb7 22. Be3 $16 {
[%csl Rb7,Rc8]}) 21. Ne5 Be8 22. Bf4 $16 {Now black pieces may hardly move.}
Kh8 23. Qf3 Na7 24. c5 $5 e6 (24... bxc5 25. dxc5 Qc8 26. Nc4 $16 {[%cal Gc4b6]
}) 25. Qe3 {[%csl Ra7,Re8,Rh6][%cal Gg5e6]} Ng8 26. Nc4 Nc8 27. cxb6 $5 Nxb6
28. Nxb6 Qxb6 29. Bd6 {[%csl Rf8] Converting positional advantage into the
material one.} Nf6 30. Bxf8 Bxf8 31. Bc4 $1 $18 Bg7 (31... Qxb2 $2 32. Rdb1 Qc2
33. Bb3 {[%csl Rc2]}) 32. b3 Rd8 33. Rac1 Kg8 34. Nf3 Nd5 35. Bxd5 Rxd5 (35...
cxd5 36. Rc3 Bf8 37. Rdc1 Bb4 38. Rc8 $18) 36. Rd3 Bf8 37. Rdc3 Ba3 38. R1c2
Bb4 39. Rc4 Bd6 40. Ne5 {[%csl Rc6]} Bb4 41. Nxc6 Bxc6 42. Rxc6 Qxd4 43. Qxd4
Rxd4 44. Kg2 g5 ({More persistant was} 44... Rd3 $5 45. Rb2 (45. Rc7 Rxb3 46.
Rb7 Rc3 47. Rxc3 Bxc3 $16) 45... g5 46. Rc4 h6 47. Re4 {[%cal Ge4e3,Gb2c2,
Gc2c7]} Ba3 48. Rb1 Bc5 49. Rc1 $18 {,but it wouldn't change the outcome of
the game.}) 45. Ra6 Rd7 (45... Rd3 46. Ra7 Rxb3 47. Rcc7 $18 {[%csl Rf7]}) 46.
Re2 h6 47. Re5 Rd3 48. Ra7 $1 Kg7 (48... Rxb3 49. Rb5 Ra3 50. Rbb7 Rxa4 51.
Rxf7 Bf8 52. Rf6 $18) 49. Re3 Rd8 50. Rf3 $1 Rf8 51. Rd3 Kg6 52. Rdd7 Bc3 53.
Rac7 Bb4 54. Rb7 Bc3 55. Rdc7 Bd2 56. Kf1 f5 57. Rg7+ Kf6 58. gxf5 exf5 59.
Rgd7 Bc3 60. Rd6+ Ke5 61. Rxh6 (61. Rc6 $1 Bd4 62. Rb5+ Ke4 63. Ke2 $18 {
[%csl Rd4][%cal Gc6c4,Gf2f3]}) 61... Rd8 62. Rb5+ Kf4 63. Rc6 Rd1+ 64. Kg2 Bd4
65. Rc2 Ke4 66. Rxa5 f4 67. Re2+ Kd3 68. Kf3 Rh1 69. Ra2 Rxh3+ 70. Kg4 Rh2 71.
Rxg5 Kc3 72. Rb5 1-0

[Event "Olympiad-34"]
[Site "Istanbul"]
[Date "2000.11.10"]
[Round "13.1"]
[White "Ye, Jiangchuan"]
[Black "Vaganian, Rafael A"]
[Result "1-0"]
[WhiteElo "2670"]
[BlackElo "2623"]
[Annotator "Finkel,A"]
[PlyCount "73"]
[EventDate "2000.10.28"]
[EventType "team-swiss"]
[EventRounds "14"]
[EventCountry "TUR"]
[SourceTitle "EXT 2001"]
[Source "ChessBase"]
[SourceDate "2000.11.22"]
[SourceVersion "1"]
[SourceVersionDate "2000.11.22"]
[SourceQuality "1"]
[WhiteTeam "China"]
[BlackTeam "Armenia"]
[WhiteTeamCountry "CHN"]
[BlackTeamCountry "ARM"]

1. e4 Nf6 2. e5 Nd5 3. d4 d6 4. Nf3 dxe5 5. Nxe5 g6 6. Bc4 c6 7. O-O Nd7 8. Nc3
$5 (8. Nf3 Bg7 9. Re1 (9. Bb3 O-O 10. Re1 N7f6 11. c4 Nb6 12. h3 Nbd7 13. Nc3
e6 14. Bf4 b6 15. Qd2 Bb7 16. Rad1 $14 {Matulovic,M-Todorovic,G/JUG-chT 1995})
9... O-O 10. Bg5 (10. Bb3 a5 11. a4 b6 12. Nbd2 Re8 13. Nc4 Qc7 14. c3 e6 15.
Nce5 Nxe5 16. Nxe5 b5 17. Qf3 bxa4 18. Bxa4 Bb7 19. Qh3 $14 {Wittmann,
W-Petschar,K/AUT-ch 1993}) 10... N7f6 11. Nbd2 Be6 12. Bf1 b5 13. Ne5 Qb6 14.
Nb3 Rad8 15. a4 bxa4 16. Rxa4 Nc7 17. Nc5 $14 {Hendriks,W-Gather,J/HZ Open 2000
}) (8. Nxd7 Bxd7 9. Re1 (9. Nd2 Bg7 10. c3 Be6 11. Re1 O-O 12. Bb3 Nc7 13. Nf3
Qc8 14. Bf4 Bxb3 15. axb3 Nd5 $11 {Slobodjan,R-Grosar,A/zt 1.2 2000}) 9... Bg7
10. Bg5 Be6 11. c3 O-O 12. Nd2 Re8 13. Bb3 Bf5 14. h3 a5 15. g4 Be6 16. Ne4 Qc7
$13 {Turov,M-Bratchenko,A/RUS-chT 1996}) 8... N7f6 9. Bg5 $5 (9. Nxd5 Nxd5 10.
c3 Bg7 11. Bb3 O-O 12. Qe2 a5 13. a3 Be6 14. Bc2 Qc8 15. Re1 Bf5 16. Bxf5 Qxf5
$11 {Sanduleac,V-Miroshnichenko,E/Bucharest Primavara 1998}) 9... Bg7 10. Nxd5
Nxd5 {After this natural move black gets very passive position without real
chanses for counterplay that's why deserved attention} (10... cxd5 $5 11. Bb5+
Kf8 12. Re1 Ne4 13. Bf4 Qb6 $132) 11. Bh4 O-O 12. Re1 Be6 13. c3 $1 {Important
move preventing black from playing Nc7.} Bf6 (13... Nc7 $6 14. Qb3 $1 Rb8 15.
Bxe6 Nxe6 16. Nxf7 $1 $18) 14. Bxd5 $1 Qxd5 (14... Bxd5 15. Bxf6 exf6 16. Nd3
Qd6 17. Qd2 Rfe8 18. b3 $14) 15. Bxf6 exf6 16. Nd3 {Following game is the
classic example of ''good'' knight versus ''bad'' bishop!} Bf5 17. Nf4 Qd6 18.
Ne2 Be6 {Bishop can't find a good square.} (18... c5 $6 19. Ng3 $1 Qd5 20. dxc5
Qxc5 21. Qf3 $16) 19. Qd2 Rfe8 20. h3 c5 21. Ng3 $1 f5 (21... cxd4 22. Ne4 Qe7
23. Qxd4 Kg7 24. Nd6 Red8 25. Rad1 b6 26. c4 Rd7 27. b4 Rad8 28. c5 $16) 22.
Qg5 $5 $40 {[%cal Gg3h5] Trying to launch an attack against black king.} cxd4
23. Nh5 Red8 24. Rad1 Qf8 $2 {After this move white's task is quiet easy.It
was necessary to play} (24... h6 $1 25. Qxh6 (25. Qf6 $2 gxh5 26. Rxd4 Qf8 27.
Re3 Rxd4 28. cxd4 f4 29. Qxf4 Re8 $17) (25. Nf6+ Kg7 26. Qh4 $2 (26. Nh5+ $11)
26... Bxa2 $19) 25... gxh5 26. Qg5+ $6 (26. Rxd4 Qe7 27. Re3 {[%csl Rg8][%cal
Ge3g3]} Rxd4 28. cxd4 f4 {[%csl Gg3]} 29. Qxf4 (29. Re5 f6 30. Qg6+ Kf8 31.
Rxh5 Qg7 32. Qe4 Re8 33. Rh7 Bf7 $1 $17) 29... Rd8 30. Qh6 h4 31. Re4 $40 {
[%cal Ge4h4]}) 26... Kf8 27. Rxd4 Qb6 28. Qh6+ Ke7 29. Qg5+ $11) 25. cxd4 h6
26. Qg3 Qd6 27. Re5 $1 $16 (27. Nf6+ Kf8 (27... Kg7 $4 28. Ne8+ $1 $18) 28. Qh4
Kg7) 27... Kf8 28. Nf4 Bxa2 29. h4 $1 Rd7 30. Rde1 Qxd4 {Accepting an
inevitable...} (30... Rad8 31. d5 Kg8 (31... Bc4) 32. Re8+ Kh7 33. Qc3 $1 f6 (
33... Rxe8 34. Rxe8 f6 35. Qc8 {[%csl Rh7][%cal Ge8h8]} Bxd5 36. Nxd5 $18) 34.
R8e6 $1 Qxf4 35. Qxf6 $1 $18 {[%csl Rh7]}) 31. Nxg6+ $1 $18 fxg6 32. Qxg6 {
[%cal Ge5e8]} Bf7 33. Qxh6+ Kg8 34. Qg5+ Kf8 35. Qh6+ Kg8 36. Rxf5 Ba2 37. Qg6+
(37. Qg6+ Rg7 38. Re8+ Rxe8 39. Qxe8+ Kh7 40. Rh5#) 1-0

[Event "Miskolc"]
[Site "Miskolc"]
[Date "2004.03.18"]
[Round "8"]
[White "Nevednichy, Vladislav"]
[Black "Varga, Zoltan"]
[Result "1/2-1/2"]
[WhiteElo "2548"]
[BlackElo "2564"]
[Annotator "Finkel,A"]
[PlyCount "150"]
[EventDate "2004.03.10"]
[EventType "tourn"]
[EventRounds "9"]
[EventCountry "HUN"]
[EventCategory "12"]
[SourceTitle "CBM 100"]
[Source "ChessBase"]
[SourceDate "2004.06.01"]
[SourceVersion "1"]
[SourceVersionDate "2004.06.01"]
[SourceQuality "1"]

1. e4 Nf6 2. e5 Nd5 3. d4 d6 4. Nf3 g6 5. Bc4 c6 6. O-O Bg4 7. Nbd2 (7. exd6
Qxd6 8. Nbd2 (8. h3 Bxf3 9. Qxf3 Bg7 10. Nc3 e6 11. Ne4 Qc7 12. Bb3 O-O 13. c4
Ne7 14. Bf4 $14 {Watson,W-Wohl,A/Kuala Lumpur 1992}) 8... Bg7 9. c3 Nd7 10. Bb3
O-O 11. Ne4 Qc7 12. h3 Bxf3 13. Qxf3 e6 $11 {Krueger,A-Haenisch,U/Porz 1989})
7... dxe5 8. dxe5 Nd7 9. h3 Bxf3 10. Nxf3 e6 11. Re1 Bg7 12. Bf1 Qc7 13. c4 (
13. Qd4 c5 14. Qe4 a6 15. Bg5 h6 16. Bd2 O-O-O 17. c4 Ne7 18. Bc3 $14 {
Gonzales,D-Greanias,S/Philadelphia 1993}) 13... Ne7 14. Bf4 $5 {White's
advantage is unquestionable, but it was better to put the bishop on c3 in
order to support white's play on the queenside.} (14. Qe2 $5 h6 15. Bd2 g5 16.
Bc3 O-O-O 17. b4 Ng6 18. Qe3 $36) 14... h6 15. Bd3 g5 16. Bg3 O-O-O 17. Qe2 Nf8
18. b4 Nfg6 19. b5 (19. a4 Nf5 20. Bh2 Nd4 21. Nxd4 Rxd4 22. Bxg6 fxg6 23. b5
Rhd8 24. a5 $14) 19... c5 (19... Nf5 20. Bh2 Nd4 $6 21. Nxd4 Rxd4 22. bxc6 Qxc6
23. Be4 Qc7 24. Rab1 b6 25. c5 $18) 20. Qc2 Rd7 21. a4 Rhd8 22. Be4 Qa5 23.
Rab1 Kb8 24. Bh2 (24. Qb3) 24... Kc8 25. g4 Kb8 26. Bg3 Kc8 27. Qb3 Kb8 28. Qa3
Bf8 29. Kg2 Nc8 30. Qb3 Nb6 31. Rec1 Ne7 $6 {Too passive. More chances for
active counterplay would promise} (31... Qxa4 $5 32. Qc3 Nf4+ 33. Bxf4 gxf4 34.
Ra1 Qb4 35. Qc2 Rd2 (35... Bg7 $2 36. Qa2 Nc8 37. Rab1 $18) 36. Nxd2 Rxd2 37.
Qc3 Qxc3 38. Rxc3 Bg7 $13) 32. h4 Nec8 33. hxg5 hxg5 34. Ra1 (34. Nxg5 $6 Bh6
35. Bh4 Rg8 36. f4 Bxg5 37. Bxg5 Rd4 38. Bf3 Qd2+ 39. Kg3 Rxg5 40. fxg5 Qf4+
41. Kg2 Nxc4 $17) 34... Be7 35. Qc3 (35. Qe3 Qb4 36. Nxg5 Bxg5 37. Qxg5 Nxc4
$132) 35... Qxc3 36. Rxc3 $16 Rd1 37. Ra2 Rh8 38. a5 Nd7 39. Bc2 (39. Rd2 Rxd2
40. Nxd2 Kc7 41. Rf3 Rf8 42. Ra3 $16 {[%cal Ga5a6]}) 39... Rc1 40. Ng1 {
White's positional advantage is just huge, but it's not easy to break through.}
Kc7 41. Rf3 Rf8 42. Re3 Rh8 43. Rf3 Rf8 44. Ne2 Re1 45. Re3 Rh8 46. Be4 Rd1 47.
Rf3 Rf8 48. Nc3 Rd4 49. b6+ axb6 50. a6 (50. Nb5+ Kb8 51. Nxd4 cxd4 52. Rd3 Bc5
53. a6 bxa6 54. Rxa6 Kc7 55. Ra1 $16) 50... bxa6 51. Rxa6 Nb8 52. Nb5+ $6 (52.
Ra8 Rxe4 53. Nxe4 Nc6 54. Ra1 Nd4 55. Rd3 Rh8 56. f3 $16) 52... Kd7 53. Nxd4
Nxa6 54. Nb5 Nb4 55. Ra3 f5 56. exf6 Bxf6 57. Ra8 Nc6 58. Nc7 (58. Bxc6+ Kxc6
59. Nd6 Kd7 60. Rb8 Be7 $1 61. Rb7+ (61. Nxc8 Rxc8 62. Rxb6 Ra8 $11) 61... Kc6
62. Nxc8 Kxb7 63. Nxe7 b5 64. cxb5 Kb6 $11) 58... Nd4 59. Rb8 Be7 60. Nb5 Nxb5
61. Rb7+ Kd8 62. cxb5 Bd6 $11 63. Bc6 Bxg3 64. Kxg3 c4 65. Rd7+ Ke8 66. Rd4+
Ke7 67. Rxc4 Na7 68. Bf3 Nxb5 69. Rb4 Nd6 70. Rxb6 Rc8 71. Ra6 Rc3 72. Kg2 Nf7
73. Be4 Ne5 74. f3 Nd3 75. Bxd3 Rxd3 1/2-1/2

[Event "Moscow Aeroflot op"]
[Site "Moscow"]
[Date "2002.02.06"]
[Round "3"]
[White "Kuzmin, Gennadi P"]
[Black "Zilberman, Yaacov"]
[Result "1-0"]
[WhiteElo "2527"]
[BlackElo "2466"]
[Annotator "Finkel,A"]
[PlyCount "73"]
[EventDate "2002.02.04"]
[EventType "swiss"]
[EventRounds "9"]
[EventCountry "RUS"]
[SourceTitle "CBM 088"]
[Source "ChessBase"]
[SourceDate "2002.03.21"]
[SourceVersion "1"]
[SourceVersionDate "2002.03.21"]
[SourceQuality "1"]

1. e4 Nf6 2. e5 Nd5 3. d4 d6 4. Nf3 c6 5. h3 g6 (5... Bf5 6. Bc4 (6. Be2 dxe5
7. Nxe5 Nd7 8. Nxd7 Qxd7 9. O-O e6 10. c4 Nb4 11. Na3 Be7 12. Be3 O-O 13. Qb3
$14 {Hamdouchi,H-Wohl,A/Malaga 1998/CBM 63 ext}) 6... e6 7. Qe2 Nd7 8. O-O dxe5
9. dxe5 Be7 10. a3 O-O 11. Ba2 Qc7 12. Re1 Rfd8 $132 {Floegel,U-Jugelt,T/
Germany 1999/GER-chT}) (5... dxe5 6. dxe5 (6. Nxe5 g6 (6... Nd7 7. Nf3 g6 8. c4
Nc7 9. Nc3 Bg7 10. Be2 O-O 11. O-O c5 12. d5 b5 $132 {Jansa,V-Konopka,M/Lazne
Bohdanec 1997/CBM 57}) 7. Nd2 $6 Bg7 8. Ndf3 O-O 9. Bd3 c5 10. c3 cxd4 11. cxd4
Nb4 $11 {Drazic,S-Zelcic,R/Montecatini Terme 1995/EXT 97}) 6... g6 (6... Bf5 7.
Bd3 Bxd3 8. Qxd3 e6 9. O-O Be7 (9... Nd7 10. Qe4 h6 11. Nbd2 Qc7 12. Re1 O-O-O
13. a3 c5 14. b3 Kb8 15. Bb2 $14 {Landa,K-Agdestein,S/Cappelle la Grande 1999/
EXT 2000}) 10. Qe2 b5 11. Nbd2 Nd7 12. Ne4 Qc7 13. Ng3 h5 14. Re1 h4 15. Nf1
Rh5 $13 {Vescovi,G-Toth,C/Rio de Janeiro 2000/CBM 74 ext}) 7. Bc4 Bg7 8. Qe2
O-O 9. O-O Na6 10. Bxa6 bxa6 11. c4 Nc7 12. Rd1 Qe8 13. Nc3 $14 {Matulovic,
M-Knezevic,M/Majdanpek 1976/MCD}) 6. c4 Nc7 7. Bf4 $5 {In this game white
shpws an interesting approuch to the position!} (7. exd6 exd6 8. Nc3 Bg7 9. Bg5
Qd7 10. Qd2 O-O 11. Be2 f6 12. Bh6 d5 13. Bxg7 Kxg7 14. O-O $14 {Spraggett,
K-Suba,M/Szirak 1986/MCL}) 7... Bg7 8. Nc3 Ne6 9. Bg3 dxe5 10. dxe5 $5 {
White is ready to exchange queens and to play slightly better position.} O-O (
10... Qxd1+ $5 11. Rxd1 O-O 12. Be2 Na6 13. O-O Nec5 14. Rd2 $14) 11. Be2 Nd7
12. Qc1 $1 {[%csl Ge5][%cal Gc1e3] Queen goes to e3 in order to defend e5.} a5
13. O-O Qc7 14. Qe3 Qb6 $6 (14... Ndc5 15. Rad1 b6 16. Nd4 Bb7 17. f4 $36) 15.
Qxb6 Nxb6 {[%csl Rb6]} 16. Rad1 Bh6 17. Rfe1 Bd7 (17... Nf4 18. Bf1 Bf5 19. Nd4
$16) 18. b3 Rfd8 19. Ne4 $1 c5 20. Bh4 Bc6 $6 {Underestimating white's reply.
It was necessary to defend on e7.} (20... Kf8) 21. Rxd8+ Rxd8 22. Nxc5 $1 Nxc5
23. Bxe7 Ne6 24. Bxd8 Nxd8 25. Nd4 $16 {White rook is much stronger than
black's two pieces.} Bd2 $6 (25... Bf4 $5 26. Bg4 h5 27. e6 $1 fxe6 (27... hxg4
28. e7 $18 {[%cal Gd4c6,Ge7e8]}) 28. Bxe6+ Kf8 29. c5 Na8 (29... Nd5 30. Nxc6
bxc6 31. Bxd5 cxd5 32. Rd1 $18) 30. Nxc6 bxc6 31. Bd7 $16) 26. Rd1 {[%cal
Gd1d8]} Bf4 27. Nxc6 Nxc6 28. c5 Na8 29. Rd7 $18 {Penitrating to the seventh
rank, which proves to be decisive factor.} Bxe5 30. Bc4 $1 Nc7 31. Rxf7 Kh8 32.
f4 {[%csl Rb7,Rc7]} Bd4+ 33. Kf1 Na6 34. Bxa6 bxa6 35. Rc7 Nb4 36. c6 Bb6 37.
Rd7 {[%cal Gc6c7]} 1-0